• 首页
  • 本馆介绍
  • 公告通知
  • 最新文献
  • 馆藏检索
  • 电子资源
  • 读者导购
  • 参考咨询
  • 我的图书馆
  • 登录
  • 详细信息显示
  • 放入我的书架
  • 预约/预借图书
  • 作者相关作品
  • 分类相关作品
  • 丛书相关作品
  • 出版社相关作品

书目信息

  • 表格格式
  • 工作单格式
  • 卡片格式
题名:
音乐的构成
    
 
作者: 该丘斯 著 ;缪天瑞 编译
分册:  
出版信息: 北京   人民音乐出版社  1964
页数: 198页
开本: 20cm
丛书名: 该丘斯音乐理论丛书之一
单 册:
中图分类: J044
科图分类:
主题词: 艺术--创作方法 , 作曲理论
电子资源:
ISBN:
000 00825nam2 2200289 45
001 0178003370
005 20070811094921.90
010    @dCNY1.10
091    @a8026.3420
100    @a19950724e19781964em y0chiy0121 ea
101 1  @achi@ceng
102    @aCN@b110000
105    @ay z 000yy
200 10 @a音乐的构成@Ayin yue de gou cheng@f(美)柏西·该丘斯著@F(mei)bai xi·gai qiu si zhu@g缪天瑞编译
205    @a3版
210    @a北京@c人民音乐出版社@d1964
215    @a198页@d20cm
225 2  @a该丘斯音乐理论丛书之一
410  0 @120010@a该丘斯音乐理论丛书之一
510 1  @aThe structure of music@zeng
606 0  @a艺术@x创作方法
606    @a作曲理论
690    @aJ044@v4
701  0 @a该丘斯@Agai qiu si@4著
702  0 @a缪天瑞@Amiao tian rui@4编译
801  0 @aCN@bTSSF@c20070811
905    @a10447@dJ044@e2=3
    
    音乐的构成/(美)柏西·该丘斯著/缪天瑞编译.-3版.-北京:人民音乐出版社,1964
    198页;20cm.-(该丘斯音乐理论丛书之一)
    
    
    ISBN :CNY1.10
    
●
相关链接 在E读中查询图书 在五车中查询图书 在当当中查询图书 在豆瓣中查询图书


正题名:音乐的构成     索取号:J044/2=3         预约/预借

序号 登录号 条形码 馆藏地/架位号 状态 备注
1 0002030   001216188   第一样本阅览室/ [索取号:J044/2=3] 在馆    
2 0002032   202206362   密集书库/ [索取号:J044/2=3] 在馆    
3 0002033   202206442   密集书库/ [索取号:J044/2=3] 在馆    
4 0444027   204440275   密集书库/ [索取号:J044/2=3] 在馆    
5 0466982   204669821   密集书库/ [索取号:J044/2=3] 在馆    
唐山师范学院图书馆 欢迎您!
大连网信软件有限公司© 版权所有